[Event "Vancouver Leap Year op"]
[Site "Vancouver"]
[Date "2008.03.02"]
[Round "5.4"]
[White "Pearse, Andrew"]
[Black "Spears, Nicholas"]
[Result "1/2-1/2"]
[WhiteElo "1950"]
[BlackElo "2157"]
[PlyCount "96"]
[EventDate "2008.02.29"]
[EventType "swiss"]
[EventRounds "5"]
[EventCountry "CAN"]
[SourceTitle "EXT 2011"]
[Source "ChessBase"]
[SourceDate "2010.11.26"]
[SourceVersion "1"]
[SourceVersionDate "2010.11.26"]
[SourceQuality "1"]

1. d4 d5 2. c4 e6 3. Nc3 Nf6 4. Nf3 Be7 5. g3 0-0 6. Bg2 c6 7. 0-0 Nbd7 8. Qc2 Re8 9. Rd1 Qa5 10. b3 Bb4 11. Bd2 Qa6 12. Nxd5 Nxd5 13. cxd5 Bxd2 14. dxc6 Ba5 15. cxd7 Bxd7 16. Ng5 f5 17. b4 Bd8 18. Nh3 Ba4 19. Bxb7 Bxc2 20. Bxa6 Bxd1 21. Rxd1 Be7 22. Bb7 Rab8 23. Bc6 Red8 24. b5 Rd6 25. f4 Bd8 26. e3 Bb6 27. Nf2 Rbd8 28. a4 h6 29. Kf1 g5 30. Ke2 Kg7 31. Rd3 Kf6 32. Nd1 gxf4 33. gxf4 Rg8 34. Kf2 Rg4 35. Bf3 Rg7 36. Rc3 Bxd4 37. exd4 Rxd4 38. a5 Rxf4 39. b6 axb6 40. axb6 Rb4 41. Rc6 Rb7 42. Ne3 Ke7 43. Rxe6+ Kxe6 44. Bxb7 Rxb6 45. Bc8+ Kf7 46. Bxf5 h5 47. Kg3 Rb3 48. Kf4 Rxe3 1/2-1/2